000 00423nam a2200181Ia 4500
001 21379
005 20260306172915.0
008 260306t2008||||xx |||||||||||||| ||spa||
041 _aESP
082 _a344.81
_bI59 2008
100 _aInstituto Pacífico
_eAUT
245 0 _aGuía práctica laboral
260 _c2008
300 _a313 páginas :
_ccm.
650 _aGEN
654 _aCDE
942 _cLIB
_dJUS
_fJUS
_2ddc
_n
999 _c21379
_d21379